[Event "Mondiale Semilampo 2016"]
[Site "Doha QAT"]
[Date "2016.12.27"]
[Round "9.42"]
[White "Naiditsch, Arkadij"]
[Black "Gashimov, Sarkhan"]
[Result "1-0"]
[WhiteTitle "GM"]
[WhiteElo "2687"]
[BlackElo "2351"]
[WhiteFideId "4650891"]
[BlackFideId "13400657"]
[EventDate "2016.12.26"]

1. e4 d5 2. exd5 Qxd5 3. Nc3 Qa5 4. d4 Nf6 5. Bc4 Nc6 6. Ne2 Bg4 7. f3 Be6 8.
Bxe6 fxe6 9. Be3 O-O-O 10. Qc1 Qf5 11. O-O Nb4 12. a3 Nxc2 13. Rb1 Nxe3 14. Qxe3
Nd5 15. Qf2 g5 16. Ng3 Qf4 17. Rfe1 Bg7 18. Re4 Qf7 19. Rbe1 Nf4 20. d5 Kb8 21.
Nb5 b6 22. dxe6 Qe8 23. a4 a6 24. Nxc7 Kxc7 25. Nf5 Bf6 26. Rc1+ Kb7 27. Rec4
Nxe6 28. Rb4 Qc6 29. Qe3 Qxc1+ 30. Qxc1 Nf4 31. Qc2 Nd5 32. Rc4 Rd7 33. Qe4 Ka7
34. Nd4 Bxd4+ 35. Rxd4 Rhd8 36. h4 gxh4 37. Qxh4 e5 38. Rd2 a5 39. Qg5 Re8 40.
Qf5 Ree7 41. Qe4 Nf6 42. Rxd7+ Nxd7 43. b4 h6 44. bxa5 bxa5 45. Qc6 Nb6 46. Qc5
Re6 47. Qxa5+ Kb7 48. Qb4 Kc6 49. a5 Nd5 50. Qc4+ Kd6 51. Qa6+ Kd7 52. Qb5+ Kd6
53. a6 Nc7 54. Qd3+ Kc5 55. a7 Kb6 56. a8=Q Nxa8 57. Qb3+ 1-0

[Event "Mondiale Semilampo 2016"]
[Site "Doha QAT"]
[Date "2016.12.27"]
[Round "9.43"]
[White "Shytaj, Luca"]
[Black "Ganguly, Surya Shekhar"]
[Result "0-1"]
[WhiteTitle "IM"]
[BlackTitle "GM"]
[WhiteElo "2435"]
[BlackElo "2668"]
[WhiteFideId "812633"]
[BlackFideId "5002150"]
[EventDate "2016.12.26"]

1. e4 e5 2. Nf3 Nc6 3. Bc4 Nf6 4. d3 Bc5 5. O-O d6 6. a3 h6 7. Be3 O-O 8. Bxc5
dxc5 9. h3 Qd6 10. Nh4 Ne7 11. Nc3 g5 12. Nf3 Ng6 13. Nh2 Kg7 14. Ne2 h5 15. b4
cxb4 16. axb4 Qxb4 17. Ng3 Rh8 18. Nf5+ Bxf5 19. exf5 Nh4 20. Nf3 Nxf3+ 21. Qxf3
g4 22. Qe3 Qd6 23. Ra5 gxh3 24. gxh3 Nd7 25. Rd5 Qe7 26. f6+ Nxf6 27. Rxe5 Qd6
28. Re7 Rh7 29. Rxf7+ Kh8 30. Rxh7+ Kxh7 31. Qf3 Re8 32. Qf5+ Kh8 33. Qg6 Re7
34. Bf7 Qf4 35. Kh1 Qf3+ 36. Kh2 Rxf7 37. Rg1 Qxf2+ 38. Kh1 Qf3+ 39. Kh2 Re7 40.
Rg2 Qf4+ 0-1

[Event "Mondiale Semilampo 2016"]
[Site "Doha QAT"]
[Date "2016.12.27"]
[Round "9.44"]
[White "Lalith, Babu M R"]
[Black "Hirneise, Jens"]
[Result "1-0"]
[WhiteTitle "GM"]
[BlackTitle "FM"]
[WhiteElo "2587"]
[BlackElo "2315"]
[WhiteFideId "5024595"]
[BlackFideId "24614734"]
[EventDate "2016.12.26"]

1. Nf3 Nf6 2. c4 g6 3. Nc3 Bg7 4. e4 d6 5. d4 O-O 6. Be2 e5 7. O-O Nc6 8. d5 Ne7
9. a4 a5 10. Ne1 Nd7 11. Be3 f5 12. f3 f4 13. Bf2 b6 14. Nd3 Nc5 15. b4 axb4 16.
Nxb4 Bd7 17. Nd3 g5 18. a5 Nxd3 19. Qxd3 bxa5 20. c5 h5 21. Nb5 g4 22. Kh1 g3
23. Bg1 Ng6 24. cxd6 cxd6 25. Nxd6 Nh4 26. Rfc1 Bh3 27. Bf1 Bxg2+ 28. Bxg2 Nxg2
29. Kxg2 Qxd6 30. Bc5 Qg6 31. Bxf8 gxh2+ 32. Kh1 Bxf8 33. Rc2 Kh8 34. Rg2 Qf6
35. Rxh2 h4 36. Rg1 Ra7 37. d6 Bxd6 38. Rg4 Be7 39. Qd5 Qf8 40. Qxe5+ Bf6 41.
Rhxh4+ Rh7 42. Rxh7+ Kxh7 43. Qf5+ 1-0

[Event "Mondiale Semilampo 2016"]
[Site "Doha QAT"]
[Date "2016.12.27"]
[Round "9.45"]
[White "Gholami, Aryan"]
[Black "Potapov, Pavel"]
[Result "0-1"]
[WhiteTitle "IM"]
[BlackTitle "GM"]
[WhiteElo "2422"]
[BlackElo "2493"]
[WhiteFideId "12513342"]
[BlackFideId "4169786"]
[EventDate "2016.12.26"]

1. e4 d5 2. exd5 Qxd5 3. Nc3 Qd6 4. d4 Nf6 5. Be3 g6 6. Qd2 Bg7 7. O-O-O a6 8.
f3 b5 9. Ne4 Nxe4 10. fxe4 e5 11. Nf3 exd4 12. Bxd4 O-O 13. Qe3 Bxd4 14. Rxd4
Qe7 15. e5 f5 16. h4 Nc6 17. Rd1 h5 18. Qf4 Be6 19. Rh3 Rad8 20. Rxd8 Rxd8 21.
Rg3 Qg7 22. Bd3 Ne7 23. Ng5 Bd5 24. e6 c5 25. Qc7 Rc8 26. Qd6 Qf6 27. Qf4 Kg7
28. Re3 Bxa2 29. c3 Bd5 30. g3 Rc6 31. Be2 c4 32. Bf3 b4 33. Nf7 Rxe6 34. Bxd5
Nxd5 35. Qh6+ Kxf7 36. Qh7+ Kf8 37. Rxe6 Qxe6 38. Qh8+ Ke7 39. Qg7+ Kd6 40. Qf8+
Kd7 41. cxb4 Qe1+ 0-1

[Event "Mondiale Semilampo 2016"]
[Site "Doha QAT"]
[Date "2016.12.27"]
[Round "9.46"]
[White "Darini, Pouria"]
[Black "Neelotpal, Das"]
[Result "1-0"]
[WhiteTitle "GM"]
[BlackTitle "GM"]
[WhiteElo "2511"]
[BlackElo "2463"]
[WhiteFideId "12502200"]
[BlackFideId "5003512"]
[EventDate "2016.12.26"]

1. e4 e5 2. Nf3 Nc6 3. d4 exd4 4. Nxd4 Bc5 5. Nb3 Bb6 6. Nc3 Nf6 7. Qe2 O-O 8.
Bg5 Nd4 9. Qd2 Nxb3 10. axb3 h6 11. Be3 Bxe3 12. Qxe3 Re8 13. f3 d5 14. O-O-O c6
15. Qd4 Be6 16. exd5 Nxd5 17. Nxd5 Qxd5 18. Qxd5 Bxd5 19. Bd3 Kf8 20. Kd2 c5 21.
Rhe1 Rxe1 22. Rxe1 Re8 23. Ra1 Ra8 24. Kc3 a5 25. Bb5 Ke7 26. Re1+ Kf6 27. Rd1
Ke6 28. Bc4 Rd8 29. Re1+ Kf6 30. Rd1 Ke6 31. Rd2 Rd6 32. Bb5 b6 33. Re2+ Kf6 34.
Re8 g5 35. Rb8 g4 36. fxg4 Bxg2 37. Bc4 Bh3 38. Rb7 Bxg4 39. Rxf7+ Kg5 40. Bd3
Kh4 41. Kd2 a4 42. Ke3 axb3 43. cxb3 h5 44. Rf2 Rd4 45. Bc4 Rd6 46. Rf4 Kg5 47.
Rf8 Rf6 48. h4+ Kg6 49. Rg8+ Kh7 50. Rb8 Kg7 51. Rg8+ Kh7 52. Rb8 Rd6 53. Kf4
Kg6 54. Ke5 Rd2 55. Rxb6+ Kg7 56. Rb7+ Kg6 57. Rb6+ Kg7 58. Kf4 Rxb2 59. Kg5 Kf8
60. Rb7 Bd1 61. Rb5 Rg2+ 62. Kf6 Rf2+ 63. Ke5 Rh2 64. Be6 Bg4 65. Rb8+ Ke7 66.
Rb7+ Ke8 67. Rb8+ Ke7 68. Rb7+ Ke8 69. Bd5 Rd2 70. Rc7 Kd8 71. Rxc5 Rh2 72. b4
Bd7 73. Kd6 Rxh4 74. Rc7 Bc8 75. Rh7 1-0

[Event "Mondiale Semilampo 2016"]
[Site "Doha QAT"]
[Date "2016.12.27"]
[Round "9.47"]
[White "Agdestein, Simen"]
[Black "Al-Sayed, Mohammed"]
[Result "1-0"]
[WhiteTitle "GM"]
[BlackTitle "GM"]
[WhiteElo "2602"]
[BlackElo "2508"]
[WhiteFideId "1500015"]
[BlackFideId "12100196"]
[EventDate "2016.12.26"]

1. d4 Nf6 2. c4 g6 3. Nc3 Bg7 4. e4 d6 5. Bd3 O-O 6. Nge2 e5 7. d5 a5 8. h3 Na6
9. Be3 Bd7 10. O-O c6 11. a3 Qe7 12. Na4 Nc5 13. Nxc5 dxc5 14. Nc3 Nh5 15. Re1
Nf4 16. Bf1 cxd5 17. exd5 Nh5 18. d6 Qd8 19. Bxc5 Nf4 20. Be3 Bc6 21. c5 a4 22.
Qd2 Ne6 23. Nd5 Nd4 24. Ne7+ Kh8 25. Bxd4 exd4 26. Rac1 Bd7 27. Qb4 Bc6 28. Bb5
Bd7 29. Bd3 Bc6 30. Be4 Bxe4 31. Rxe4 Qd7 32. Rce1 Rae8 33. f3 h6 34. Rd1 Kh7
35. Rdxd4 Bxd4+ 36. Qxd4 f5 37. Re5 Rf7 38. Nd5 Rxe5 39. Qxe5 Qd8 40. Kh2 f4 41.
Ne7 Qd7 42. Qe4 Rf6 43. Nd5 Rf7 44. Nxf4 Qf5 45. Ne6 Qf6 46. Nd4 Qg5 47. Ne6 Qf6
48. Qd5 Rd7 49. f4 Kh8 50. Qe5 Qxe5 51. fxe5 Kg8 52. Nc7 1-0

[Event "Mondiale Semilampo 2016"]
[Site "Doha QAT"]
[Date "2016.12.27"]
[Round "9.48"]
[White "Tari, Aryan"]
[Black "Christiansen, Johan-Sebastian"]
[Result "1-0"]
[WhiteTitle "GM"]
[BlackTitle "IM"]
[WhiteElo "2584"]
[BlackElo "2429"]
[WhiteFideId "1510045"]
[BlackFideId "1512668"]
[EventDate "2016.12.26"]

1. c4 e5 2. Nc3 Bb4 3. Nd5 Bc5 4. Nf3 c6 5. Nc3 d6 6. e3 Bb4 7. d4 Qe7 8. Be2
Nf6 9. O-O O-O 10. Qc2 Re8 11. a3 Ba5 12. b4 Bc7 13. dxe5 dxe5 14. e4 a5 15. b5
Nbd7 16. h3 Nc5 17. Be3 h6 18. Nd2 Ne6 19. Nf3 Nd4 20. Qb2 Be6 21. b6 Bb8 22.
Bxd4 exd4 23. Nxd4 Be5 24. Rad1 Rad8 25. Nf3 Bxc3 26. Qxc3 Rxd1 27. Rxd1 Qc5 28.
Bd3 Qxb6 29. c5 Qb3 30. Rc1 Rd8 31. Qxb3 Bxb3 32. Rc3 a4 33. Nd2 Bc2 34. Bxc2
Rxd2 35. Kf1 Nd7 36. Ke1 Rd4 37. Ke2 Ne5 38. Ke3 Rd8 39. Bxa4 Ra8 40. Bb3 Ra5
41. a4 Kf8 42. f4 Nd7 43. Kd4 Ke7 44. e5 b6 45. cxb6 c5+ 46. Kd5 Nxb6+ 47. Kc6
Nxa4 48. Rc2 Ra8 49. Ra2 Rb8 50. Bxa4 Rb4 51. g3 Rc4 52. Bb3 Rc3 53. Ra7+ Ke8
54. Bxf7+ Kf8 55. Kd6 Rxg3 56. Ke6 g5 57. Kf6 1-0

[Event "Mondiale Semilampo 2016"]
[Site "Doha QAT"]
[Date "2016.12.27"]
[Round "9.49"]
[White "Kayumov, Sergey"]
[Black "Kozul, Zdenko"]
[Result "0-1"]
[WhiteTitle "GM"]
[BlackTitle "GM"]
[WhiteElo "2505"]
[BlackElo "2613"]
[WhiteFideId "14200880"]
[BlackFideId "14502879"]
[EventDate "2016.12.26"]

1. Nf3 Nf6 2. b3 g6 3. Bb2 Bg7 4. g3 O-O 5. c4 c6 6. Bg2 d5 7. O-O Bg4 8. h3
Bxf3 9. Bxf3 Qb6 10. Qc2 Rd8 11. e3 e6 12. d4 Nbd7 13. Bg2 h5 14. Nd2 a5 15. a3
Rdc8 16. c5 Qc7 17. b4 e5 18. dxe5 Nxe5 19. Bd4 Re8 20. Qc3 Ned7 21. Qb2 Re6 22.
h4 Ne8 23. Nb3 Bxd4 24. Nxd4 Re7 25. Rfc1 Ne5 26. b5 Nd3 27. Qc2 Nxc1 28. bxc6
bxc6 29. Rxc1 Ng7 30. Qa4 Rc8 31. Bh3 f5 32. Bg2 Ne6 33. Nb3 Rb8 34. Rc3 Kf7 35.
Kh2 Ra8 36. Kg1 Ree8 37. Nd2 Reb8 38. Qc2 Qb7 39. g4 hxg4 40. h5 Qb2 41. hxg6+
Kxg6 42. Qd3 Qa1+ 43. Nf1 Ng5 44. e4 fxe4 45. Qg3 Rf8 46. Rb3 Rf6 47. Qxg4 Raf8
48. Rh3 Qe5 49. Ne3 Kg7 50. Rh5 Rg6 51. Kh1 Rxf2 52. Qc8 Rf8 53. Qd7+ Rf7 54.
Qd8 Qa1+ 55. Kh2 Qe5+ 56. Kh1 Rf8 57. Qd7+ Kg8 58. Ng4 Qa1+ 59. Kh2 Qg7 60. Rxg5
Qxd7 61. Rxg6+ Kh7 62. Rg5 Rf5 63. Bh3 Qc7+ 0-1

[Event "Mondiale Semilampo 2016"]
[Site "Doha QAT"]
[Date "2016.12.27"]
[Round "9.50"]
[White "Stratonowitsch, Andre"]
[Black "Hirneise, Tobias"]
[Result "1/2-1/2"]
[BlackTitle "IM"]
[WhiteElo "2138"]
[BlackElo "2466"]
[WhiteFideId "24613959"]
[BlackFideId "24600881"]
[EventDate "2016.12.26"]

1. e4 e5 2. Nf3 Nc6 3. Bb5 a6 4. Ba4 Nf6 5. O-O Be7 6. Re1 b5 7. Bb3 d6 8. h3
O-O 9. c3 Nb8 10. d4 Nbd7 11. Nbd2 c5 12. Nf1 Re8 13. Ng5 c4 14. Bc2 Bb7 15. f4
exd4 16. cxd4 h6 17. Nf3 d5 18. e5 Ne4 19. Bxe4 dxe4 20. N3d2 f5 21. Ne3 Rf8 22.
Ndf1 Nb6 23. Ng3 Qd7 24. Qh5 Bc8 25. Rd1 Nd5 26. Nxd5 Qxd5 27. Be3 Kh7 28. Nf1
g6 29. Qe2 Bb7 30. Bf2 Rfd8 31. Ne3 Qe6 32. g4 Bd5 33. Kh2 Rf8 34. gxf5 gxf5 35.
Rg1 Rad8 36. Rg2 1/2-1/2

[Event "Mondiale Semilampo 2016"]
[Site "Doha QAT"]
[Date "2016.12.27"]
[Round "9.51"]
[White "Zhang, Zhong"]
[Black "Svane, Rasmus"]
[Result "0-1"]
[WhiteTitle "GM"]
[BlackTitle "GM"]
[WhiteElo "2645"]
[BlackElo "2555"]
[WhiteFideId "8600694"]
[BlackFideId "4657101"]
[EventDate "2016.12.26"]

1. e4 e6 2. d3 d5 3. Nd2 Nf6 4. Ngf3 Nc6 5. c3 e5 6. Be2 Bd6 7. O-O O-O 8. b4 a5
9. b5 Ne7 10. Re1 Ng6 11. Bf1 a4 12. g3 Be6 13. exd5 Bxd5 14. c4 Be6 15. Bb2 Re8
16. Qc2 Bf5 17. c5 Bf8 18. Nxe5 Nxe5 19. Bxe5 Ng4 20. Qc3 Nxe5 21. Rxe5 Rxe5 22.
Qxe5 Bxd3 23. Nc4 Bxf1 24. Rxf1 a3 25. Ne3 Qd7 26. Rb1 Qd3 27. Rb3 Qe2 28. Qc3
Qxa2 29. Nf5 Qxb3 0-1

[Event "Mondiale Semilampo 2016"]
[Site "Doha QAT"]
[Date "2016.12.27"]
[Round "9.52"]
[White "khayat, Abdullah F"]
[Black "Saeed, Ishaq"]
[Result "0-1"]
[BlackTitle "FM"]
[WhiteElo "1732"]
[BlackElo "2312"]
[WhiteFideId "21500460"]
[BlackFideId "9301453"]
[EventDate "2016.12.26"]

1. Nf3 Nf6 2. g3 g6 3. Bg2 Bg7 4. O-O O-O 5. d3 d5 6. c3 a5 7. a4 Nc6 8. Re1 e5
9. Nbd2 e4 10. dxe4 dxe4 11. Ng5 e3 12. fxe3 Ng4 13. Ndf3 Qe7 14. Nh3 Nxe3 15.
Bxe3 Qxe3+ 16. Nf2 Bf5 17. Qd2 Qb6 18. e4 Rad8 19. Qe3 Qxe3 20. Rxe3 Be6 21. Rd3
b6 22. Rad1 Bb3 23. Ra1 Rfe8 24. Ra3 Bc4 25. Rxd8 Rxd8 26. b3 Bf8 27. b4 axb4
28. cxb4 Bxb4 29. Ra1 Bc5 30. Bf1 Be6 31. Ng5 Rd2 0-1

[Event "Mondiale Semilampo 2016"]
[Site "Doha QAT"]
[Date "2016.12.27"]
[Round "10.3"]
[White "Yu, Yangyi"]
[Black "Nepomniachtchi, Ian"]
[Result "0-1"]
[WhiteTitle "GM"]
[BlackTitle "GM"]
[WhiteElo "2729"]
[BlackElo "2767"]
[WhiteFideId "8603820"]
[BlackFideId "4168119"]
[EventDate "2016.12.26"]

1. d4 Nf6 2. c4 g6 3. g3 c6 4. Bg2 d5 5. Nf3 Bg7 6. O-O O-O 7. b3 dxc4 8. bxc4
c5 9. Bb2 cxd4 10. Nxd4 Qb6 11. Qc1 Bd7 12. Nd2 Nc6 13. e3 Rac8 14. Bc3 Qa6 15.
Qb2 b6 16. a4 Na5 17. Rfc1 Nxc4 18. Nxc4 Qxc4 19. Bb4 Qa6 20. Bxe7 Rxc1+ 21.
Qxc1 Re8 22. Qa3 Ng4 23. Qd6 Qc8 24. Bg5 Be5 25. Qb4 Qc5 26. Rb1 Bxg3 27. hxg3
Qxg5 28. Qd6 Bxa4 29. Ra1 Nxf2 30. Rxa4 Qxe3 31. Ra3 Qe1+ 32. Kh2 Qc1 33. Rf3
Qh6+ 34. Kg1 Re1+ 0-1

[Event "Mondiale Semilampo 2016"]
[Site "Doha QAT"]
[Date "2016.12.27"]
[Round "10.4"]
[White "Korobov, Anton"]
[Black "Anand, Viswanathan"]
[Result "1/2-1/2"]
[WhiteTitle "GM"]
[BlackTitle "GM"]
[WhiteElo "2692"]
[BlackElo "2779"]
[WhiteFideId "14105730"]
[BlackFideId "5000017"]
[EventDate "2016.12.26"]

1. d4 Nf6 2. c4 e6 3. Nf3 d5 4. Nc3 Be7 5. Bg5 h6 6. Bh4 O-O 7. e3 Nbd7 8. Bd3
dxc4 9. Bxc4 c5 10. O-O cxd4 11. Nxd4 Qb6 12. a3 Ne5 13. Be2 Bd7 14. Bg3 Nc6 15.
Na4 Qd8 16. Nb5 e5 17. Rc1 Bf5 18. Nc5 Bxc5 19. Rxc5 Ne4 20. Rd5 Qe7 21. Nd6
Nxd6 22. Rxd6 Nd4 23. Rd5 Nxe2+ 24. Qxe2 1/2-1/2

[Event "Mondiale Semilampo 2016"]
[Site "Doha QAT"]
[Date "2016.12.27"]
[Round "10.5"]
[White "Dominguez Perez, Leinier"]
[Black "Li, Chao b"]
[Result "1-0"]
[WhiteTitle "GM"]
[BlackTitle "GM"]
[WhiteElo "2739"]
[BlackElo "2720"]
[WhiteFideId "3503240"]
[BlackFideId "8604436"]
[EventDate "2016.12.26"]

1. e4 e5 2. Nf3 Nf6 3. Nxe5 d6 4. Nf3 Nxe4 5. d4 d5 6. Bd3 Be7 7. O-O Nc6 8.
Nbd2 Bf5 9. Re1 Nxd2 10. Qxd2 Bxd3 11. Qxd3 O-O 12. Bf4 Bd6 13. Bxd6 Qxd6 14. c3
a6 15. Ng5 Qg6 16. Qxg6 hxg6 17. h4 Rfe8 18. Nh3 Ne7 19. Nf4 c6 20. g4 Rad8 21.
f3 Nc8 22. Kf2 Nd6 23. Nd3 f6 24. Rxe8+ Rxe8 25. Re1 Kf7 26. Rxe8 Kxe8 27. Ke2
a5 28. b3 b6 29. Ke3 Ke7 30. Nf4 Kf7 31. Kd3 g5 32. hxg5 fxg5 33. Nh3 Kf6 34.
Nf2 Ke6 35. Ke3 Nb5 36. Kd2 c5 37. Kd3 cxd4 38. cxd4 Na3 39. Nh3 Kf6 40. f4 gxf4
41. Nxf4 Kg5 42. Nxd5 b5 43. Ke4 b4 44. Nc7 Kf6 45. d5 Ke7 46. Ke5 Nb1 47. Na6
Nc3 48. d6+ Kf7 49. Nb8 Ne2 50. Nc6 Ke8 51. Nxa5 Kd7 52. Nb7 Kc6 53. Nd8+ Kd7
54. Ne6 g5 55. Nxg5 Nc1 56. Ne4 Nxa2 57. g5 1-0

[Event "Mondiale Semilampo 2016"]
[Site "Doha QAT"]
[Date "2016.12.27"]
[Round "10.9"]
[White "Amonatov, Farrukh"]
[Black "Tomashevsky, Evgeny"]
[Result "1/2-1/2"]
[WhiteTitle "GM"]
[BlackTitle "GM"]
[WhiteElo "2620"]
[BlackElo "2716"]
[WhiteFideId "14700077"]
[BlackFideId "4147235"]
[EventDate "2016.12.26"]

1. e4 e5 2. Nf3 Nc6 3. Nc3 Nf6 4. g3 d5 5. exd5 Nxd5 6. Bg2 Nxc3 7. bxc3 Bc5 8.
O-O O-O 9. Re1 Qf6 10. d3 h6 11. Be3 Bb6 12. Nd2 Be6 13. a4 Rad8 14. Qh5 Bd5 15.
Ne4 Qe6 16. Bh3 f5 17. Nd2 Qe8 18. Qxe8 Rdxe8 19. Nb3 f4 20. Bxb6 axb6 21. Nd2
Ra8 22. c4 Bf7 23. Bg2 Rfe8 24. c3 Bg6 25. Ne4 Red8 26. Red1 fxg3 27. hxg3 Ra5
28. Rd2 Rda8 29. Rda2 Rd8 30. Rd2 Rda8 31. Rda2 Rd8 1/2-1/2

[Event "Mondiale Semilampo 2016"]
[Site "Doha QAT"]
[Date "2016.12.27"]
[Round "10.10"]
[White "Melkumyan, Hrant"]
[Black "Nguyen, Ngoc Truong Son"]
[Result "1-0"]
[WhiteTitle "GM"]
[BlackTitle "GM"]
[WhiteElo "2633"]
[BlackElo "2629"]
[WhiteFideId "13302485"]
[BlackFideId "12401110"]
[EventDate "2016.12.26"]

1. Nf3 Nf6 2. c4 e6 3. Nc3 d5 4. d4 Bb4 5. Bg5 h6 6. Bxf6 Qxf6 7. e3 O-O 8. Rc1
dxc4 9. Bxc4 c5 10. O-O cxd4 11. Ne4 Qe7 12. a3 Ba5 13. Qxd4 Nc6 14. Qc5 Qxc5
15. Nxc5 Rd8 16. Rfd1 Rxd1+ 17. Rxd1 Bb6 18. Ne4 a6 19. Bb3 Bc7 20. Rc1 Bd7 21.
Nc5 Be8 22. Nxb7 Rb8 23. Nc5 Bd6 24. Ba4 Rxb2 25. g3 Bxc5 26. Rxc5 Nd4 27. Nxd4
Bxa4 28. g4 Ra2 29. Kg2 g5 30. Kg3 Kg7 31. Rc3 Ra1 32. f3 Rg1+ 33. Kf2 Ra1 34.
Kg2 Bb5 35. f4 Kf6 36. Nf3 gxf4 37. exf4 Ke7 38. Kg3 f6 39. Re3 Kd6 40. Nd2 Bc6
41. h3 Ra2 42. Rd3+ Ke7 43. Nf3 Bxf3 44. Rxf3 e5 45. fxe5 fxe5 46. Rb3 a5 47.
Kh4 a4 48. Re3 Ke6 49. Kh5 Kd5 50. Kxh6 Kd4 51. Rg3 e4 52. g5 e3 53. g6 e2 54.
g7 e1=Q 55. g8=Q Qc1+ 56. Kh5 Rc2 57. Qd8+ Kc5 58. Qe7+ Kd5 59. Rd3+ Kc4 60.
Qe4+ Kb5 61. Qb4+ Ka6 62. Rd6+ 1-0

[Event "Mondiale Semilampo 2016"]
[Site "Doha QAT"]
[Date "2016.12.27"]
[Round "10.11"]
[White "Artemiev, Vladislav"]
[Black "Riazantsev, Alexander"]
[Result "0-1"]
[WhiteTitle "GM"]
[BlackTitle "GM"]
[WhiteElo "2653"]
[BlackElo "2671"]
[WhiteFideId "24101605"]
[BlackFideId "4125029"]
[EventDate "2016.12.26"]

1. e4 c6 2. d4 d5 3. exd5 cxd5 4. Bd3 Nc6 5. c3 Nf6 6. h3 g6 7. Nf3 Qc7 8. O-O
Bf5 9. Re1 Bxd3 10. Qxd3 Bg7 11. Na3 O-O 12. Nc2 e6 13. Ne3 Rab8 14. a4 Na5 15.
Ra3 Rfc8 16. Ng4 Nxg4 17. hxg4 Bf8 18. Ra2 Qc4 19. Qb1 Bd6 20. Bg5 Kg7 21. b4
Nc6 22. Re3 Ne7 23. Rae2 Qc7 24. Ne5 Ng8 25. Rh3 Bxe5 26. Rxe5 Qd7 27. Bf4 Ra8
28. Ree3 h6 29. Be5+ f6 30. Bf4 Re8 31. Qd1 Rac8 32. Re2 g5 33. Bd2 Ne7 34. f4
Ng6 35. Qc1 Qxa4 36. Rf2 Rh8 37. Qe1 Qd7 38. Qf1 Rhf8 39. f5 exf5 40. gxf5 Ne7
41. Qe2 Ng8 42. Qh5 Qf7 43. Qg4 Rfe8 44. Qg3 Re4 45. Qd3 Rce8 46. b5 Rc8 47. Rf1
Qd7 48. Rhf3 Rc4 49. Ra1 Ne7 50. Rxa7 Nxf5 51. Qf1 Kg6 52. Ra8 Rc8 53. Ra7 h5
54. Qd3 h4 55. Ra1 Nd6 56. Raf1 f5 57. Bc1 Ra8 58. c4 dxc4 59. Qc2 Qe6 60. d5
Qxd5 61. Bb2 Rae8 62. Qc3 R8e5 63. Qa3 Qc5+ 64. Qxc5 Rxc5 65. Rd1 Nxb5 66. Rd8
c3 67. Bc1 Re1+ 0-1

[Event "Mondiale Semilampo 2016"]
[Site "Doha QAT"]
[Date "2016.12.27"]
[Round "10.12"]
[White "Matlakov, Maxim"]
[Black "Onischuk, Vladimir"]
[Result "0-1"]
[WhiteTitle "GM"]
[BlackTitle "GM"]
[WhiteElo "2694"]
[BlackElo "2601"]
[WhiteFideId "4168003"]
[BlackFideId "14114038"]
[EventDate "2016.12.26"]

1. Nf3 g6 2. d4 d6 3. g3 Bg7 4. Bg2 Nf6 5. O-O O-O 6. b3 e5 7. dxe5 Nfd7 8. Bg5
Qe8 9. Nc3 dxe5 10. Nd5 Na6 11. Ne7+ Kh8 12. Nxc8 Rxc8 13. e4 Nac5 14. Nd2 Ne6
15. Be3 Qe7 16. c3 c6 17. Nc4 Rcd8 18. Qe2 f5 19. Rad1 f4 20. Bc1 Ndc5 21. Rxd8
Rxd8 22. Rd1 b5 23. Na5 Rxd1+ 24. Qxd1 Qc7 25. b4 Na4 26. Qd3 c5 27. Qd5 Nf8 28.
Bd2 cxb4 29. cxb4 a6 30. Bh3 Nb6 31. Qd3 h5 32. Qc3 Qe7 33. Qc6 Qd8 34. Qc2 Nh7
35. gxf4 exf4 36. Bxf4 Qh4 37. Qc7 Qxh3 38. Qd8+ Nf8 39. Qxb6 Qg4+ 40. Bg3 h4
41. Qxa6 hxg3 42. hxg3 Bd4 43. Qd6 Ne6 44. Nc6 Qxe4 45. Nxd4 Nxd4 46. Qd8+ Kg7
47. Qd7+ Kf6 48. a4 Qe1+ 49. Kg2 Qe4+ 50. Kg1 bxa4 51. Qxa4 Nf3+ 52. Kf1 Nd2+
53. Kg1 Qe1+ 54. Kg2 Qf1+ 55. Kh2 Nf3# 0-1

[Event "Mondiale Semilampo 2016"]
[Site "Doha QAT"]
[Date "2016.12.27"]
[Round "10.13"]
[White "Inarkiev, Ernesto"]
[Black "Bu, Xiangzhi"]
[Result "0-1"]
[WhiteTitle "GM"]
[BlackTitle "GM"]
[WhiteElo "2709"]
[BlackElo "2705"]
[WhiteFideId "4162722"]
[BlackFideId "8601445"]
[EventDate "2016.12.26"]

1. e4 e5 2. Nf3 Nc6 3. Bb5 a6 4. Ba4 Nf6 5. O-O b5 6. Bb3 Bb7 7. d3 Be7 8. Nc3
d6 9. a4 b4 10. Ne2 O-O 11. a5 d5 12. exd5 Nxd5 13. Ng3 Nf4 14. Re1 Nxg2 15.
Kxg2 Nd4 16. Ne4 Nxb3 17. cxb3 f5 18. Ng3 Qd5 19. d4 Rad8 20. Qe2 Qxb3 21. Nf1
Rxd4 22. Nd2 Qf7 23. Qxe5 Re4 24. Nxe4 fxe4 25. Qg3 Bd6 26. Ng5 e3+ 27. f3 Qh5 0-1

[Event "Mondiale Semilampo 2016"]
[Site "Doha QAT"]
[Date "2016.12.27"]
[Round "10.14"]
[White "Howell, David W L"]
[Black "Jakovenko, Dmitry"]
[Result "1/2-1/2"]
[WhiteTitle "GM"]
[BlackTitle "GM"]
[WhiteElo "2644"]
[BlackElo "2704"]
[WhiteFideId "410608"]
[BlackFideId "4122356"]
[EventDate "2016.12.26"]

1. e4 e5 2. Nf3 Nc6 3. Bb5 Nf6 4. O-O Nxe4 5. d4 Nd6 6. dxe5 Nxb5 7. a4 Nbd4 8.
Nxd4 Nxd4 9. Qxd4 d5 10. Qd3 g6 11. Rd1 Bg7 12. Bf4 c6 13. c4 Bg4 14. Rd2 dxc4
15. Qg3 Qc8 16. Na3 Be6 17. Rc1 O-O 18. Nxc4 Bxc4 19. Rxc4 Qf5 20. Qd3 Qxd3 21.
Rxd3 Rad8 22. Rcd4 Rxd4 23. Rxd4 Re8 24. Rd7 Bxe5 25. Bxe5 Rxe5 26. Kf1 Re4 27.
Rxb7 Rxa4 28. Ke2 Ra6 29. Ke3 Rb6 30. Rxa7 Rb3+ 31. Kf4 Rxb2 32. Kg3 Kg7 33. Rc7
Rc2 34. h4 Kf6 35. Kf3 h5 36. Ke3 Ke6 37. g3 c5 38. Ke4 c4 39. Rc6+ Kd7 40. Rf6
Ke7 41. Rc6 c3 42. Ke3 Kd7 43. Rf6 Ke7 44. Rc6 f6 45. Kf3 Rc1 46. Ke2 Kf7 47.
Kd3 g5 48. hxg5 fxg5 49. Rh6 Rh1 50. Kxc3 Kg7 51. Ra6 Rf1 52. Ra2 h4 53. gxh4
gxh4 54. Ra4 Rh1 55. Kd2 Kg6 56. Ke2 1/2-1/2

[Event "Mondiale Semilampo 2016"]
[Site "Doha QAT"]
[Date "2016.12.27"]
[Round "10.17"]
[White "Mamedov, Rauf"]
[Black "Zhigalko, Sergei"]
[Result "1/2-1/2"]
[WhiteTitle "GM"]
[BlackTitle "GM"]
[WhiteElo "2688"]
[BlackElo "2671"]
[WhiteFideId "13401653"]
[BlackFideId "13502956"]
[EventDate "2016.12.26"]

1. e4 c5 2. g3 Nc6 3. Bg2 g6 4. Ne2 Bg7 5. c3 e5 6. d3 d6 7. h4 h6 8. c4 Nge7 9.
Nbc3 Bg4 10. f3 Be6 11. Nd5 Nd4 12. Nxd4 cxd4 13. f4 Nxd5 14. cxd5 Bd7 15. O-O
exf4 16. Bxf4 Qb6 17. Qd2 f6 18. Rac1 Rc8 19. Rxc8+ Bxc8 20. Rc1 Bd7 21. Qc2 g5
22. Bd2 Ke7 23. Qc7 Rc8 24. Qxb6 Rxc1+ 25. Bxc1 axb6 26. Kf2 g4 27. Bf1 h5 28.
Bd2 1/2-1/2